Das politische System Polens
| Titel: | Das politische System Polens / Stefan Garsztecki, Robert Grzeszczak, Aleksandra Maatsch, Dariusz Wojtaszyn |
|---|---|
| Verfasser: | ; ; ; |
| Ausgabe: | 1. Auflage |
| Veröffentlicht: | Baden-Baden : Nomos, [2024] |
| Umfang: | 195 Seiten ; 22.7 cm x 15.3 cm |
| Format: | Buch |
| Sprache: | Deutsch |
| Schriftenreihe/ mehrbändiges Werk: |
Studienkurs Politikwissenschaft |
| RVK-Notation: | |
| ISBN: | 9783848771974 ; 3848771977 ; 9783748912279 |
| Hinweise zum Inhalt: |
Inhaltstext
Inhaltsverzeichnis |
alg: 49529881 001A $00004:03-06-22 001B $06000:12-03-26 $t17:18:31.000 001D $00077:09-02-24 001U $0utf8 001X $00 002@ $0Aau 002C $aText $btxt $2rdacontent 002D $aohne Hilfsmittel zu benutzen $bn $2rdamedia 002E $aBand $bnc $2rdacarrier 003@ $0495298816 004A $A978-3-8487-7197-4 $fpaperback : EUR 25.00 (DE) 004A $03-8487-7197-7 004K $09783848771974 004O $A978-3-7489-1227-9 $So $fEPDF 006C $01315750769 $aOCoLC 006G $01256943886 006H $0TOCNEUA2411 $2DNB 006T $022,N19 006U $026,A11 $f20220506 007A $01256943886 $aDNB 009P $qtext/html $A2 $3Inhaltstext $uhttp://deposit.dnb.de/cgi-bin/dokserv?id=471cde4e215140d0b7ef970c3d14ff89&prov=M&dok_var=1&dok_ext=htm $mX:MVB 009P $qapplication/pdf $A2 $3Inhaltsverzeichnis $uhttps://d-nb.info/1256943886/04 $mB:DE-101 010@ $ager 010E $erda 011@ $a2024 $n[2024] 020F $aET 12/2023 021A $aDas @politische System Polens $hStefan Garsztecki, Robert Grzeszczak, Aleksandra Maatsch, Dariusz Wojtaszyn 028A $BVerfasser $#Garsztecki, Peter Stefan Maria $4aut $712448509X $8Garsztecki, Stefan$Z1962- [Tp3] $915515673X 028C $BVerfasser $4aut $71150675888 $8Grzeszczak, Robert [Tp3] $9424832704 028C $BVerfasser $#Wyrozumska, Aleksandra $4aut $71012084221 $8Maatsch, Aleksandra$Z1979- [Tp3] $9264549163 028C $BVerfasser $4aut $71137269669 $8Wojtaszyn, Dariusz$Z1974- [Tp2] $9406535485 032@ $a1. Auflage 033A $pBaden-Baden $nNomos 034D $a195 Seiten 034I $a22.7 cm x 15.3 cm 036G $aStudienkurs Politikwissenschaft 044K $RPolen-Litauen $RKongresspolen $RWestgalizien $RStaat Krakau $#Generalgouvernement Polen $#Polska $#Rzeczpospolita Polska $#Polska Rzeczpospolita Ludowa $#Poland $#Pologne $#République Polonaise $#Generalne Gubernatorstwo w Polsce $#Polish People's Republic $#Polska Rzeczpospolita Polen $#PRL $#RP $#Polen Generalgouvernement $#Polska Generalgouvernement $#Besetzte Polnische Gebiete $#Besetztes Gebiet in Polen $#Okupowane Polskie Obszary $#Obszary Okupowane w Polsce $#Volksrepublik Polen $#Polska Rosyjska $#Republic Polen $#Respublika Pol'ša $#Pol'skaja Narodnaja Respublika $#République de Pologne $#Polen Links der Weichsel $#Polska po Lewej Stronie Wisły $#Lenkija $#Polija $#Gubernija Carstva Pol'skago $#Republik Polen $74046496-9 $8Polen [Tg1] $9085129801 044K $RStaat $RStaatsform $RHerrschaftssystem $#Régimes politiques $#political systems $#Politisches System $#politisches System $#Politisches System $#Regierungssystem $#Regierungsform $#Regierungssystem $74046584-6 $8Politisches System [Ts1] $9085130036 044K $qDNB $RInstitutionenpolitik $#Institutions politiques $#politische Institution $#Politische Institution $#Einrichtung Politik $#Politische Einrichtung $#Institution Politik $#Politische Institutionen $74132693-3 $8Politische Institution [Ts1] $9085478601 045E $c320 $c340 045Z $8MG 92000 [Tkv] $9410563609 lok: 49529881 23 exp: 49529881 23 1 #EPN 201B/01 $016-02-24 $t13:02:19.000 201C/01 $006-02-24 201U/01 $0utf8 203@/01 $01255680660 208@/01 $a16-02-24 $bz 209A/01 $a35 MG 92000 G243 $du $f030 $hMG 92000 G243 $x00 209G/01 $a29114978 $x00 247C/01 $8352030-4 <34/30>Kassel, UB Kassel, Standort Brüder-Grimm-Platz, Landesbibliothek und Murhardsche Bibliothek der Stadt Kassel $9102599475 lok: 49529881 24 exp: 49529881 24 1 #EPN 201B/01 $002-04-26 $t11:12:58.000 201C/01 $009-03-26 201U/01 $0utf8 203@/01 $01337302120 208@/01 $a09-03-26 $bz 209A/01 $aim Geschäftsgang-bar $da $f050 $x00 209G/01 $a74114822 $x00 220C/01 $abar 247C/01 $8358050-7Marburg, Bibliothek des Herder-Instituts Marburg $9102600961 lok: 49529881 25 101B $021-06-22 $t16:01:25.000 101C $021-06-22 101U $0utf8 145S/01 $a240zb exp: 49529881 25 1 #EPN 201B/01 $020-02-24 $t11:20:23.000 201C/01 $021-06-22 201U/01 $0utf8 203@/01 $01203636040 208@/01 $a09-02-24 $bzu 209A/01 $a200 MG 92000 G243 $du $f003 $hMG 92000 G243 $x00 209G/01 $a18913622 $x00 209G/01 $aLESESAAL $x01 247C/01 $8101316-6 <77/003>Mainz, Universität Mainz, Zentralbibliothek, RVK-Aufstellung $9497684160 lok: 49529881 66 exp: 49529881 66 1 #EPN 201B/01 $006-03-24 $t11:41:23.000 201C/01 $006-03-24 201U/01 $0utf8 203@/01 $01257235532 208@/01 $a06-03-24 $bz 209A/01 $aGk Politi/G $du $f000 $x00 209C/01 $a24/b282 247C/01 $8618123-5 Darmstadt, Bibliothek des Deutschen Polen-Instituts $9102600902 lok: 49529881 78 exp: 49529881 78 1 #EPN 201B/01 $014-03-24 $t12:31:51.000 201C/01 $014-03-24 201U/01 $0utf8 203@/01 $01258254832 208@/01 $a14-03-24 $be 209A/01 $a/ $f000 $x00 209A/01 $ab*p $x01 220C/01 $aeja 244Z/01 $#Generalgouvernement Polen $#Polska $#Rzeczpospolita Polska $#Polska Rzeczpospolita Ludowa $#Poland $#Pologne $#République Polonaise $#Generalne Gubernatorstwo w Polsce $#Polish People's Republic $#Polska Rzeczpospolita Polen $#PRL $#RP $#Polen Generalgouvernement $#Polska Generalgouvernement $#Besetzte Polnische Gebiete $#Besetztes Gebiet in Polen $#Okupowane Polskie Obszary $#Obszary Okupowane w Polsce $#Volksrepublik Polen $#Polska Rosyjska $#Republic Polen $#Respublika Pol'ša $#Pol'skaja Narodnaja Respublika $#République de Pologne $#Polen Links der Weichsel $#Polska po Lewej Stronie Wisły $#Lenkija $#Polija $#Gubernija Carstva Pol'skago $#Republik Polen $74046496-9 $8--Tg1--Polen $x01 $9085129801 247C/01 $82080>Marburg/Lahn, Herder-Institut, Forschungsbibliothek, Bibliographieportal $9336309341 lok: 49529881 205 exp: 49529881 205 1 #EPN 201B/01 $020-03-24 $t15:48:36.000 201C/01 $007-06-22 201U/01 $0utf8 203@/01 $01202800815 208@/01 $a07-06-22 $bz 209A/01 $a001 MG 92000 G243 $db $f000 $x00 209C/01 $a1 2024/02527 209C/01 $anel2403ma 209G/01 $a57947268 $x00 247C/01 $8351000-1 <4>Marburg, Universität Marburg, Universitätsbibliothek $9102594767
| LEADER | 00000cam a2200000 c 4500 | ||
|---|---|---|---|
| 001 | 495298816 | ||
| 003 | DE-603 | ||
| 005 | 20260312171831.0 | ||
| 007 | tu | ||
| 008 | 220603s2024 xx |||| | u00||u|ger | ||
| 015 | |a 26,A11 |z 22,N19 |2 dnb | ||
| 016 | 7 | |2 DE-101 |a 1256943886 | |
| 020 | |a 9783848771974 |c paperback : EUR 25.00 (DE) | ||
| 020 | |a 3848771977 | ||
| 024 | 3 | |a 9783848771974 | |
| 035 | |a (DE-599)DNB1256943886 | ||
| 040 | |a DE-603 |b ger |c DE-603 |d DE-603 |e rda | ||
| 041 | |a ger | ||
| 084 | |a 320 |a 340 |q DE-101 |2 sdnb | ||
| 084 | |a MG 92000 |0 (DE-625)122873:12034 |0 (DE-603)410563609 |2 rvk | ||
| 100 | 1 | |a Garsztecki, Stefan |d 1962- |e Verfasser |4 aut |0 (DE-603)15515673X |0 (DE-588)12448509X |2 gnd | |
| 245 | 0 | 0 | |a Das politische System Polens |c Stefan Garsztecki, Robert Grzeszczak, Aleksandra Maatsch, Dariusz Wojtaszyn |
| 250 | |a 1. Auflage | ||
| 264 | 1 | |a Baden-Baden |b Nomos |c [2024] | |
| 300 | |a 195 Seiten |c 22.7 cm x 15.3 cm | ||
| 336 | |a Text |b txt |2 rdacontent | ||
| 337 | |a ohne Hilfsmittel zu benutzen |b n |2 rdamedia | ||
| 338 | |a Band |b nc |2 rdacarrier | ||
| 490 | 0 | |a Studienkurs Politikwissenschaft | |
| 650 | 7 | |a Politisches System |0 (DE-588)4046584-6 |0 (DE-603)085130036 |2 gnd | |
| 650 | 7 | |a Politische Institution |0 (DE-588)4132693-3 |0 (DE-603)085478601 |2 gnd | |
| 651 | 7 | |a Polen |0 (DE-588)4046496-9 |0 (DE-603)085129801 |2 gnd | |
| 700 | 1 | |a Grzeszczak, Robert |e Verfasser |4 aut |0 (DE-603)424832704 |0 (DE-588)1150675888 |2 gnd | |
| 700 | 1 | |a Maatsch, Aleksandra |d 1979- |e Verfasser |4 aut |0 (DE-603)264549163 |0 (DE-588)1012084221 |2 gnd | |
| 700 | 1 | |a Wojtaszyn, Dariusz |d 1974- |e Verfasser |4 aut |0 (DE-603)406535485 |0 (DE-588)1137269669 |2 gnd | |
| 776 | 1 | |z 9783748912279 | |
| 856 | 4 | 2 | |m X:MVB |q text/html |u http://deposit.dnb.de/cgi-bin/dokserv?id=471cde4e215140d0b7ef970c3d14ff89&prov=M&dok_var=1&dok_ext=htm |3 Inhaltstext |
| 856 | 4 | 2 | |m B:DE-101 |q application/pdf |u https://d-nb.info/1256943886/04 |3 Inhaltsverzeichnis |
| 924 | 0 | |9 34/30 |a (DE-603)1255680660 |b DE-34-30 |c HES |d c |g 35 MG 92000 G243 | |
| 924 | 0 | |9 Mb 50 |a (DE-603)1337302120 |b DE-Mb50 |c HES |d d |g im Geschäftsgang-bar | |
| 924 | 0 | |9 77/003 |a (DE-603)1203636040 |b DE-77-003 |c HES |d c |g 200 MG 92000 G243 |h LESESAAL | |
| 924 | 0 | |9 Ds 123 |a (DE-603)1257235532 |b DE-Ds123 |c HES |d d |g Gk Politi/G | |
| 924 | 0 | |9 2080 |a (DE-603)1258254832 |b DE-2080 |c HES |d d |g / | |
| 924 | 0 | |9 4 |a (DE-603)1202800815 |b DE-4 |c HES |d c |g 001 MG 92000 G243 | |


